000 00259nam a22000977a 4500
999 _c11755
_d11755
008 200114b ||||| |||| 00| 0 eng d
020 _a0590426036
100 _aDepaola Tomie
_97441
245 _aThe Legend of The Bluebonnet
260 _aNew York
_bScholastic
_c1989